000
00438nam a22001097a 4500
082
_a
954/MIS
100
_a
मिश्र डॉ. भारतेश कुमार
_9
84011
245
_a
भारत का सम्पूर्ण इतिहास खण्ड एक
260
_a
दिल्ली
_b
शिवांक प्रकाशन
_c
2011
650
_a
भारत का इतिहास
_9
81926
942
_c
BK
999
_c
69031
_d
69031